000 00442cam a2200193 4500
001 D3709
008 090401t1972 xxu||||| |||| 00| 0 eng d
035 _a(Sirsi) u74537
041 _aeng
050 _a658.1552
100 _aFerry, Douglas J
245 _aCost planning of buildings
250 _a3rd
260 _aLondon
_bCrosby Lockwood and Son
_c1972
300 _a258p. 22cm
350 _a0
942 _n0
948 _c04/03/1997
999 _c95876
_d95876